00506 2200205 4500001002100000005001500021008004100036020002200077035001900099041000700118082000800125090001400133100002000147245003400167250000900201260004000210300002400250500001000274650001600284INLIS00000000000158120241224112357241224||||||||| | ||| |||| || |  a978-979-769-389-3 0010-1224001581 aid0 a375 a375 RAK p0 arahkmat hidayat00aPengantar Sosiologi Kurikulum aed.1 aJakartabRajaGrafindo Persadac2011 axxxii,262hlm.;21 cm acet.1 0aIlmu Sosial